| 000 | 00400nam a2200133Ia 4500 | ||
|---|---|---|---|
| 008 | 160216s9999 xx 000 0 und d | ||
| 100 | _aGrant, W. | ||
| 245 | _aConsequences of the Global Financial Crisis / | ||
| 245 | _cW. Grant & G.K. Wilson. | ||
| 260 | _bOxford University | ||
| 260 | _c2012 | ||
| 650 | _xFinancial crisis. | ||
| 856 | _uhttp://www.oapen.org/download?type=document&docid=453476 | ||
| 999 |
_c290602 _d290602 |
||